El divorcio ante el derecho.
محفوظ في:
| مؤلفون آخرون: | |
|---|---|
| التنسيق: | كتاب |
| اللغة: | الإسبانية |
| منشور في: |
Santiago, Chile:
Universidad de Los Andes,
1994.
|
| الطبعة: | 2da. edición. |
| سلاسل: | Cuaderno de Extensión,
|
| الموضوعات: | |
| الوسوم: |
إضافة وسم
لا توجد وسوم, كن أول من يضع وسما على هذه التسجيلة!
|
MARC
| LEADER | 00000nam a2200000 a 4500 | ||
|---|---|---|---|
| 001 | UCN8273 | ||
| 003 | CL-VaPUC | ||
| 005 | 20240109081442.0 | ||
| 008 | 011109t19940000CL |||||||||||||||||spa|d | ||
| 999 | |c 442896 |d 442894 | ||
| 020 | |a 956-7160-02-3 | ||
| 040 | |c Pontificia Universidad Católica de Valparaíso | ||
| 082 | 0 | 4 | |a 346.830166 YRA 1994 |2 22 |
| 100 | |a Yrarrázaval Covarrubias, Arturo |e editor |9 887003 | ||
| 245 | 1 | 3 | |a El divorcio ante el derecho. |
| 250 | |a 2da. edición. | ||
| 260 | |a Santiago, Chile: |b Universidad de Los Andes, |c 1994. | ||
| 300 | |a 91 páginas. | ||
| 490 | 0 | |a Cuaderno de Extensión, |n 2. | |
| 500 | |a c.1 Donación Sr. Jorge López Santa María. Memo DER N° 050. 22-12-2023. | ||
| 583 | |a last modification |c 20011109 00:00:00 |k Yessy Sthefany Diaz Vidal | ||
| 650 | 0 | |a Matrimonio |9 254924 |x Derecho comparado |x Legislación |z Chile | |
| 650 | 0 | |a Divorcio |9 869834 |x Derecho y legislación |z Chile | |
| 942 | |c BK |2 ddc | ||
| 945 | |d 20011109 00:00:00 |a cmena | ||
| 952 | |0 0 |1 0 |2 ddc |4 0 |6 346_830166000000000_YRA_1994 |7 0 |8 A |9 593180 |a BIBDER |b BIBDER |d 2024-01-08 |e Donación |i 5659975 |o 346.830166 YRA 1994 |p 5659975 |r 2024-01-08 |t 1 |w 2024-01-08 |y BK |k DER | ||